00978nam a2200193Ia 4500003000900000008004100009020001800050040001600068080002600084111019300110245029600303260004200599300002300641650001900664650002200683650003400705650002500739700002000764IN-BaIIA211028s9999 xx 000 0 eng d a90-277-0800-2 cIIA Library a621.391(082.1)bASP-1 aNATO Advanced Study institute on Astronomical Society of the Pacificects of Signal Processing with Emphasiss on Underwater Acoustics pt 1cPortovenere, La Spezia, Italyd1976 Aug 30-Sep 11 0aAspects of Signal processingbproceedings of the NATO Advanced Study institute on Aspects of Signal processing with Emphasiss on Underwater Acoustics, pt. 1, held in Portovenere, La Spezia, Italy 30 August–11 Sept.ember 1976cedited by G. Tacconi  aDordrechtbD. Reidel Publishingc1977 a[various pagings.] aNASA thesaurus aSignal processing aSurface acoustic Wave devices aUnderwater Acoustics aTacconi, G., ed